000 00828nam a2200265Ia 4500
003 OSt
005 20220928102112.0
006 a|||||r|||| 00| 0
007 ta
008 220927b |||||||| |||| 00| 0 hin d
020 _a9788183614306
_cINR 200.00
024 _a145920
037 _bBR5692, 28/12/2021, Rajkamal Prakashan Pvt.Ltd.
_cTextual
040 _aSDCL
_cSDCL
_bhin
041 _2hin
_ahin
082 _aO152,3N4, Q1 LR
100 _aChauhan Dalpat
_9396604
245 0 _aMulak
260 _aNew Delhi
_bRadhakrishna Prakashan
_c2011
300 _a142p.
_ccm.
650 _aHindi Journalism
_9391577
700 _a Singh Kiran
_9396605
942 _hO152,3N4, Q1 LR
_cTEXL
_2CC
999 _c712354
_d712354